Súvislosť medzi vonkajšou a vnútornou nerovnováhou v slovenskej ekonomike

Deficit obchodnej a platobnej bilancie v SR od roku 1995. Preferencie domáceho dopytu a zaostávanie vývozu ako údajné príčiny deficitu obchodnej bilancie. Porušovanie bilancie zahraničnej výmeny a všeobecný deficit zdrojov v ekonomike a spoločnosti.

Na minha lista:
Detalhes bibliográficos
Autor principal: Němec, Jaroslav
Formato: Capítulo de Livro
Idioma:eslovaco
Assuntos:
Tags: Adicionar Tag
Sem tags, seja o primeiro a adicionar uma tag!

MARC

LEADER 00000naa$a2200000$$$4500
001 0016432
005 20230929075233.2
041 0 |a slo 
044 |a SK 
245 1 0 |a Súvislosť medzi vonkajšou a vnútornou nerovnováhou v slovenskej ekonomike  |c aut. Jaroslav Němec 
520 |a Deficit obchodnej a platobnej bilancie v SR od roku 1995. Preferencie domáceho dopytu a zaostávanie vývozu ako údajné príčiny deficitu obchodnej bilancie. Porušovanie bilancie zahraničnej výmeny a všeobecný deficit zdrojov v ekonomike a spoločnosti. 
610 2 0 |a Slovensko 
610 2 0 |a nerovnováha hospodárska 
610 2 0 |a bilancia obchodná 
610 2 0 |a dopyt domáci 
610 2 0 |a vývoz 
610 2 0 |a dovoz 
610 2 0 |a zadlženosť zahraničná 
100 1 |a Němec, Jaroslav